| 000 | 00550nam a2200193Ia 4500 | ||
|---|---|---|---|
| 003 | OSt | ||
| 005 | 20260318142211.0 | ||
| 008 | 210210b1964 xxu||||| |||| 00| 0 eng d | ||
| 040 | _cAL | ||
| 041 | _aHindi | ||
| 082 | _a864/60 | ||
| 100 |
_aMISRA (Dvarkaprasad) _dमिश्र (द्वारका प्रसाद) _9258860 |
||
| 245 |
_aKrishnayan _bकृष्णायन |
||
| 260 |
_aDilli _bBharatiy Sahity Mandir _c1964 |
||
| 650 |
_aKrishnayan _9258861 |
||
| 690 |
_aHindi Criticism _9258862 |
||
| 906 | _a023597 | ||
| 942 |
_2ddc _cBK |
||
| 999 |
_c148566 _d148566 |
||